000 00940cam a2200277 4500
001 3037
003 BD-RjUL
005 20211208233649.0
008 131218s1969 nyuae bs 000 0 eng d
035 _a(BD-RjUL)3071
040 _aDLC
_cDLC
_dDLC
_dBD-RjUL
_beng
041 _aeng
082 0 0 _a301.54
_bRUR 1969
110 2 _aUnited Nations.
_bDepartment of Economic and Social Affairs.
_9132493
245 1 0 _aRural housing :
_ba review of world conditions /
_cUnited Nations. Department of Economic and Social Affairs
260 _aNew York :
_bUnited Nations,
_c1969.
300 _avi, 186 p. :
_billus., plan.
_c28 cm.
350 _a3.00
410 2 0 _aUnited Nations.
_t[Document]
_vST/SOA/87
500 _a"United Nations publication. Sales no.: E.69.IV.8."
504 _aIncludes bibliographical references.
650 0 _aHousing, Rural.
_99657
650 0 _aRural conditions.
_9133737
942 _2ddc
_cBK
999 _c3037
_d3037